Score 0/30 Timer 04:00
0 Plays Today
Athlete, Actor, Author First Name % Correct
Marino, Aykroyd, BrownDan
94%
Smoltz, Garfield, SteinbeckJohn
93.1%
Jordan, Douglas, CrichtonMichael
92.9%
Foreman, Lazenby, OrwellGeorge
92.3%
Lewis, Liotta, BradburyRay
86.2%
Mantle, Rourke, SpillaneMickey
85.7%
Drysdale, Cheadle, DeLilloDon
80.6%
Rodman, Franz, LehaneDennis
80.2%
Lemieux, Lopez, PuzoMario
79.3%
Strasburg, Rea, KingStephen
77.2%
Becker, Karloff, PasternakBoris
74.8%
Duncan, Robbins, O'BrienTim
74.7%
Fitzgerald, Hagman, McMurtryLarry
73.6%
Lofton, Dean, EllroyJames
72.9%
Gullickson, Murray, BrysonBill
72.7%
Athlete, Actor, Author First Name % Correct
Belle, Finney, CamusAlbert
72.5%
Ortiz, Caruso, EddingsDavid
72.3%
Reuschel, Moranis, RiordanRick
71.4%
Fidrych, Hamill, HelprinMark
71.2%
Johnson, Matthau, Dean MyersWalter
69.2%
Gore, Langella, HerbertFrank
67.3%
Dryden, Olin, FollettKen
65.5%
Dickerson, Stoltz, AmblerEric
63.1%
Craig, Moore, KahnRoger
57.1%
Yount, Williams, CookRobin
55.7%
Perry, Demarest, GoldingWilliam
51.9%
Muñoz, LaPaglia, TrollopeAnthony
51.6%
Roy, Stewart, SüskindPatrick
51.4%
Carter, Cooper, PaulsenGary
48.3%
Woodson, Boyer, FrazierCharles
44.8%
Remove Ads.
Support Sporcle.
Get the best of Sporcle when you Go Orange. This ad-free experience offers more features, more stats, and more fun while also helping to support Sporcle. Thank you for becoming a member.

You're not logged in!

Compare scores with friends on all Sporcle quizzes.
OR
Log In

Show Comments

Extras

Top Quizzes Today


Score Distribution

Your Account Isn't Verified!

In order to create a playlist on Sporcle, you need to verify the email address you used during registration. Go to your Sporcle Settings to finish the process.

Report this User

Report this user for behavior that violates our Community Guidelines.

Details: